JANES ALL THE WORLDS AIRCRAFTS 1964-65, 1977-78, 1981-82, 1965-66, 1981-82, 1988-89 (Record no. 580157)
[ view plain ]
| 000 -LEADER | |
|---|---|
| fixed length control field | 00545nam a22001337a 4500 |
| 020 ## - INTERNATIONAL STANDARD BOOK NUMBER | |
| International Standard Book Number | 0-7106-0867-5 |
| 082 ## - DEWEY DECIMAL CLASSIFICATION NUMBER | |
| Classification number | 355-WA JAN'T |
| 100 ## - MAIN ENTRY--PERSONAL NAME | |
| Personal name | TAYLOR, JOHN W. R,MUNSON, KENNETH |
| 9 (RLIN) | 74645 |
| 245 ## - TITLE STATEMENT | |
| Title | JANES ALL THE WORLDS AIRCRAFTS 1964-65, 1977-78, 1981-82, 1965-66, 1981-82, 1988-89 |
| 260 ## - PUBLICATION, DISTRIBUTION, ETC. | |
| Place of publication, distribution, etc. | UK |
| Name of publisher, distributor, etc. | JANE'S INFORMATION GROUP |
| Date of publication, distribution, etc. | 1988 |
| 300 ## - PHYSICAL DESCRIPTION | |
| Extent | 790P |
| 650 ## - SUBJECT ADDED ENTRY--TOPICAL TERM | |
| Topical term or geographic name entry element | AIRCRAFT ALL OVER THE WORLD SPORT AIRCRAFT ALL OVER THE WORLD SAILPLANES ALL OVER THE WORLD HANG GLIDERS ALL OVER THE WORLD LIGHT THAN AIR ALL OVER THE WORLD |
| 9 (RLIN) | 74646 |
| 942 ## - ADDED ENTRY ELEMENTS (KOHA) | |
| Koha item type | Book |
| Withdrawn status | Lost status | Damaged status | Not for loan | Permanent Location | Current Location | Shelving location | Date acquired | Total Checkouts | Full call number | Barcode | Date last seen | Price effective from | Koha item type |
|---|---|---|---|---|---|---|---|---|---|---|---|---|---|
| College of Electrical & Mechanical Engineering (CEME) | College of Electrical & Mechanical Engineering (CEME) | General Stacks | 05/09/2017 | 355-WA JAN'T | CEME-15343 | 06/28/2021 | 06/28/2021 | Book | |||||
| College of Electrical & Mechanical Engineering (CEME) | College of Electrical & Mechanical Engineering (CEME) | General Stacks | 05/09/2017 | 355-WA JAN'T | CEME-22688 | 06/28/2021 | 06/28/2021 | Book | |||||
| College of Electrical & Mechanical Engineering (CEME) | College of Electrical & Mechanical Engineering (CEME) | General Stacks | 05/09/2017 | 355-WA JAN'T | CEME-9889 | 06/28/2021 | 06/28/2021 | Book |
